[Event "HUN-chT2 Toth 0809"]
[Site "Hungary"]
[Date "2008.12.21"]
[Round "4.4"]
[White "Nagy, Zoltan2222"]
[Black "Rozsnyai, Tamas"]
[Result "1/2-1/2"]
[WhiteElo "2026"]
[BlackElo "2127"]
[PlyCount "105"]
[EventDate "2008.10.26"]
[EventType "team-tourn"]
[EventRounds "11"]
[EventCountry "HUN"]
[SourceTitle "EXT 2010"]
[Source "ChessBase"]
[SourceDate "2010.11.25"]
[SourceVersion "1"]
[SourceVersionDate "2010.11.25"]
[SourceQuality "1"]
[WhiteTeam "Maroczy II"]
[BlackTeam "Mako II"]
[WhiteTeamCountry "HUN"]
[BlackTeamCountry "HUN"]

1. e4 e5 2. Nf3 Nc6 3. Bc4 Bc5 4. c3 Nf6 5. d3 h6 6. 0-0 d6 7. h3 0-0 8. Be3 Bb6 9. Re1 Be6 10. Nbd2 Re8 11. Qc2 Qd7 12. a3 Rad8 13. Bxb6 axb6 14. Bb5 Qe7 15. d4 Bd7 16. d5 Nb8 17. Bxd7 Nbxd7 18. Nf1 Nh5 19. Ng3 Nf4 20. Ne2 Nh5 21. Ng3 Nf4 22. Ne2 Ng6 23. Ng3 Nf6 24. Nf5 Qd7 25. c4 Nf4 26. Nh2 Kh7 27. b4 N6h5 28. Rad1 g6 29. Ng3 Nxg3 30. fxg3 Nh5 31. Qd3 f5 32. exf5 gxf5 33. Qf3 Qf7 34. g4 Nf4 35. gxf5 Qxf5 36. Qe4 Qxe4 37. Rxe4 Rg8 38. Ng4 Rdf8 39. Kh1 h5 40. Ne3 Rg3 41. Rd2 Rfg8 42. c5 b5 43. cxd6 cxd6 44. Nf5 Rxa3 45. Nxd6 Rd8 46. Nxb5 Ra1+ 47. Kh2 Rxd5 48. Rxd5 Nxd5 49. Rxe5 Nxb4 50. Re7+ Kg6 51. Rxb7 Nd5 52. Rd7 Ne3 53. Nc3 1/2-1/2

[Event "HUN-chT2 Toth 0708"]
[Site "Hungary"]
[Date "2007.11.11"]
[Round "2"]
[White "Ujhazi, Mihaly"]
[Black "Rozsnyai, Tamas"]
[Result "1-0"]
[WhiteElo "1897"]
[BlackElo "2178"]
[PlyCount "67"]
[EventDate "2007.10.14"]
[EventType "team"]
[EventRounds "11"]
[EventCountry "HUN"]
[SourceTitle "EXT 2009"]
[Source "ChessBase"]
[SourceDate "2008.11.26"]
[SourceVersion "1"]
[SourceVersionDate "2008.11.26"]
[SourceQuality "1"]
[WhiteTeam "Maroczy II"]
[BlackTeam "Mako II"]
[WhiteTeamCountry "HUN"]
[BlackTeamCountry "HUN"]

1. e4 e5 2. Nf3 Nc6 3. Bb5 a6 4. Ba4 Nf6 5. 0-0 Be7 6. Re1 b5 7. Bb3 0-0 8. a4 Bb7 9. d3 d6 10. Nbd2 Na5 11. Ba2 c5 12. c3 Re8 13. d4 Bf8 14. b4 cxb4 15. cxb4 Nc6 16. Qb3 Qd7 17. d5 Ne7 18. Bb1 Nh5 19. Nf1 Kh8 20. Ng5 Ng6 21. Qf3 Nf6 22. Ne3 h6 23. Nh3 Rec8 24. Bd2 Nh4 25. Qg3 Ng6 26. Nf5 Kh7 27. Qf3 Qd8 28. Bd3 bxa4 29. Rxa4 Nd7 30. Raa1 Nb6 31. Nxh6 Nh4 32. Qxf7 Rc7 33. Qg8+ Kg6 34. f4 1-0

[Event "HUN-chT2 Toth 0506"]
[Site "Hungary"]
[Date "2006.02.12"]
[Round "7"]
[White "Salanki, Endre"]
[Black "Rozsnyai, Tamas"]
[Result "1-0"]
[WhiteElo "2264"]
[BlackElo "2172"]
[PlyCount "45"]
[EventDate "2005.10.16"]
[EventType "team"]
[EventRounds "11"]
[EventCountry "HUN"]
[SourceTitle "EXT 2009"]
[Source "ChessBase"]
[SourceDate "2008.11.26"]
[SourceVersion "1"]
[SourceVersionDate "2008.11.26"]
[SourceQuality "1"]
[WhiteTeam "Takisz"]
[BlackTeam "Mako"]
[WhiteTeamCountry "HUN"]
[BlackTeamCountry "HUN"]

1. c4 Nf6 2. Nc3 d5 3. d4 g6 4. e3 Bg7 5. Nf3 0-0 6. Qb3 dxc4 7. Bxc4 a6 8. Ne5 Qe8 9. a4 e6 10. a5 Nc6 11. f4 Nxe5 12. fxe5 Nd7 13. 0-0 b5 14. axb6 cxb6 15. Ne4 Qe7 16. Bd2 Qh4 17. Rf4 Qh5 18. g4 Qh6 19. g5 Qh5 20. h4 Nxe5 21. dxe5 b5 22. Ng3 bxc4 23. Qxc4 1-0

[Event "HUN-chT2 Toth 0506"]
[Site "Hungary"]
[Date "2006.01.22"]
[Round "6"]
[White "Szilagyi, Andras"]
[Black "Rozsnyai, Tamas"]
[Result "1-0"]
[WhiteElo "2152"]
[BlackElo "2172"]
[PlyCount "51"]
[EventDate "2005.10.16"]
[EventType "team"]
[EventRounds "11"]
[EventCountry "HUN"]
[SourceTitle "EXT 2009"]
[Source "ChessBase"]
[SourceDate "2008.11.26"]
[SourceVersion "1"]
[SourceVersionDate "2008.11.26"]
[SourceQuality "1"]
[WhiteTeam "Bege"]
[BlackTeam "Mako"]
[WhiteTeamCountry "HUN"]
[BlackTeamCountry "HUN"]

1. d4 Nf6 2. c4 g6 3. Nc3 d5 4. Nf3 Bg7 5. Qb3 dxc4 6. Qxc4 0-0 7. e4 a6 8. e5 b5 9. Qb3 Nfd7 10. h4 c5 11. e6 c4 12. exf7+ Rxf7 13. Qd1 Nb6 14. h5 Nc6 15. hxg6 hxg6 16. Be3 Bf5 17. Ng5 Rf6 18. g4 Be6 19. Nce4 Bd5 20. Nxf6+ Bxf6 21. Qc2 Qe8 22. Rh6 Bxg5 23. Rxg6+ Kf8 24. Rxg5 e6 25. Qh7 Qf7 26. Rg8+ 1-0

[Event "HUN-chT2 Toth 0506"]
[Site "Hungary"]
[Date "2005.11.27"]
[Round "4"]
[White "Fabian Nagy, Sandor"]
[Black "Rozsnyai, Tamas"]
[Result "1/2-1/2"]
[WhiteElo "2122"]
[BlackElo "2172"]
[PlyCount "49"]
[EventDate "2005.10.16"]
[EventType "team"]
[EventRounds "11"]
[EventCountry "HUN"]
[SourceTitle "EXT 2009"]
[Source "ChessBase"]
[SourceDate "2008.11.26"]
[SourceVersion "1"]
[SourceVersionDate "2008.11.26"]
[SourceQuality "1"]
[WhiteTeam "Szentes"]
[BlackTeam "Mako"]
[WhiteTeamCountry "HUN"]
[BlackTeamCountry "HUN"]

1. e4 e5 2. Nf3 Nc6 3. d4 exd4 4. Nxd4 Nf6 5. Nxc6 dxc6 6. Bd3 Bc5 7. f3 Be6 8. Qe2 h6 9. Bd2 Qe7 10. a3 Nh5 11. Rf1 g5 12. g3 Bh3 13. Rh1 Nf6 14. Bc3 Rg8 15. Nd2 Nd7 16. e5 a6 17. 0-0-0 0-0-0 18. Bxa6 bxa6 19. Qxa6+ Kb8 20. Nc4 Bb6 21. Na5 Bxa5 22. Qxa5 Nb6 23. Bb4 Qe6 24. Bd6 Nd5 25. Rxd5 1/2-1/2

[Event "HUN-chT2 Toth 0405"]
[Site "Hungary"]
[Date "2005.04.10"]
[Round "10"]
[White "Rozsnyai, Tamas"]
[Black "Visnyei, Illes"]
[Result "1-0"]
[WhiteElo "2153"]
[BlackElo "2146"]
[PlyCount "113"]
[EventDate "2004.09.26"]
[EventType "team"]
[EventRounds "11"]
[EventCountry "HUN"]
[SourceTitle "EXT 2009"]
[Source "ChessBase"]
[SourceDate "2008.11.26"]
[SourceVersion "1"]
[SourceVersionDate "2008.11.26"]
[SourceQuality "1"]
[WhiteTeam "Mako II"]
[BlackTeam "Bekes"]
[WhiteTeamCountry "HUN"]
[BlackTeamCountry "HUN"]

1. c4 c5 2. Nf3 Nc6 3. g3 d6 4. Bg2 g6 5. 0-0 Bg7 6. Nc3 e5 7. e3 f5 8. d3 Nge7 9. Ne2 0-0 10. d4 cxd4 11. exd4 e4 12. Ne1 Qb6 13. Nc2 Bd7 14. b3 Rfe8 15. Be3 d5 16. Nc3 Be6 17. Na4 Qc7 18. Qe2 Rad8 19. Rfd1 h6 20. h4 Kh7 21. Rab1 Bf7 22. c5 Bf6 23. Nc3 Nc8 24. Bh3 N6e7 25. Qd2 Ng8 26. Kg2 h5 27. b4 Bg7 28. Bf4 Qd7 29. b5 Bh6 30. a4 Bxf4 31. Qxf4 Nf6 32. Nb4 Qe7 33. Re1 Ng4 34. a5 Qf6 35. Bxg4 hxg4 36. Red1 Qe6 37. a6 b6 38. Nc6 Rd7 39. Na4 e3 40. Ne5 Rde7 41. fxe3 bxc5 42. Nxc5 Qd6 43. Rdc1 Nb6 44. Nxf7 Qxf4 45. exf4 Rxf7 46. Re1 Rfe7 47. Kf2 Nc4 48. Rxe7+ Rxe7 49. Re1 Rc7 50. Re8 Kh6 51. Rh8+ Kg7 52. Rb8 Kf6 53. Rb7 Re7 54. Na4 Re3 55. b6 Re6 56. Nc5 Rd6 57. bxa7 1-0

[Event "HUN-chT2 Toth 0405"]
[Site "Hungary"]
[Date "2005.02.06"]
[Round "7"]
[White "Rozsnyai, Tamas"]
[Black "Pasztorcsik, Janos"]
[Result "1/2-1/2"]
[WhiteElo "2153"]
[BlackElo "2129"]
[PlyCount "22"]
[EventDate "2004.09.26"]
[EventType "team"]
[EventRounds "11"]
[EventCountry "HUN"]
[SourceTitle "EXT 2009"]
[Source "ChessBase"]
[SourceDate "2008.11.26"]
[SourceVersion "1"]
[SourceVersionDate "2008.11.26"]
[SourceQuality "1"]
[WhiteTeam "Mako II"]
[BlackTeam "Oroshaza"]
[WhiteTeamCountry "HUN"]
[BlackTeamCountry "HUN"]

1. c4 e5 2. Nc3 Bb4 3. Nd5 Be7 4. d4 exd4 5. Qxd4 Nf6 6. Bd2 Nc6 7. Qf4 d6 8. Nf3 0-0 9. e3 Re8 10. Nxe7+ Qxe7 11. Be2 Ne4 1/2-1/2

[Event "HUN-chT3 0102"]
[Site "Hungary"]
[Date "2002.01.13"]
[Round "5.1"]
[White "Rozsnyai, Tamas"]
[Black "Tatar Kis, Szabolcs"]
[Result "1/2-1/2"]
[WhiteElo "2130"]
[BlackElo "2387"]
[PlyCount "82"]
[EventDate "2001.09.30"]
[EventType "team"]
[EventRounds "11"]
[EventCountry "HUN"]
[SourceTitle "EXT 2004"]
[Source "ChessBase"]
[SourceDate "2003.11.25"]
[SourceVersion "1"]
[SourceVersionDate "2003.11.25"]
[SourceQuality "1"]

1. c4 g6 2. Nc3 Bg7 3. g3 e5 4. Bg2 Nc6 5. a3 d6 6. b4 a6 7. Bb2 Nge7 8. e3 h5 9. d3 h4 10. Nf3 h3 11. Bf1 d5 12. e4 dxc4 13. dxc4 Bg4 14. Be2 a5 15. b5 Nd4 16. Nxd4 exd4 17. Nd5 Bxe2 18. Qxe2 c6 19. Nf4 Qd7 20. Rd1 Rd8 21. a4 Kf8 22. Rd3 Be5 23. Qf3 g5 24. Bxd4 gxf4 25. Bxe5 Qxd3 26. Qxd3 Rxd3 27. Bxh8 Ra3 28. Ke2 f3+ 29. Kd2 Rxa4 30. Ra1 Rxc4 31. Rxa5 Kg8 32. Bf6 Rxe4 33. bxc6 bxc6 34. Rh5 Ng6 35. Rxh3 Re2+ 36. Kd3 Rxf2 37. Ke3 Rf1 38. g4 f2 39. g5 Rb1 40. Kxf2 Rd1 41. Rc3 Rd6 1/2-1/2

[Event "HUN tt U20"]
[Site "Budapest"]
[Date "2001.12.28"]
[Round "3"]
[White "Rozsnyai, Tamas"]
[Black "Macsik, Tamas"]
[Result "1-0"]
[WhiteElo "2130"]
[BlackElo "2200"]
[PlyCount "60"]
[EventDate "2001.12.27"]
[EventType "team"]
[EventRounds "7"]
[EventCountry "HUN"]
[SourceTitle "EXT 2004"]
[Source "ChessBase"]
[SourceDate "2003.11.25"]
[SourceVersion "1"]
[SourceVersionDate "2003.11.25"]
[SourceQuality "1"]

1. c4 c6 2. g3 d5 3. cxd5 cxd5 4. Bg2 Nf6 5. Nf3 Nc6 6. d4 e6 7. 0-0 Be7 8. Nc3 0-0 9. Bd2 b6 10. a3 Bb7 11. b4 Ne4 12. Be1 Bf6 13. e3 Ba6 14. Nxe4 dxe4 15. Nd2 Bxf1 16. Kxf1 Rc8 17. Nxe4 Ne7 18. Nxf6+ gxf6 19. Qf3 f5 20. h3 Rc2 21. Qd1 Qc7 22. Bf3 Rc8 23. Bd2 Qc4+ 24. Ke1 e5 25. Be2 Qd5 26. Ba6 R8c7 27. Bd3 Ra2 28. Rc1 Rxc1 29. Qxc1 Qh1+ 30. Bf1 exd4 1-0

[Event "HUN-chT3 0102"]
[Site "Hungary"]
[Date "2001.11.18"]
[Round "3.1"]
[White "Rozsnyai, Tamas"]
[Black "Zalai, Mihaly"]
[Result "1/2-1/2"]
[WhiteElo "2130"]
[BlackElo "2150"]
[PlyCount "74"]
[EventDate "2001.09.30"]
[EventType "team"]
[EventRounds "11"]
[EventCountry "HUN"]
[SourceTitle "EXT 2004"]
[Source "ChessBase"]
[SourceDate "2003.11.25"]
[SourceVersion "1"]
[SourceVersionDate "2003.11.25"]
[SourceQuality "1"]

1. c4 e5 2. Nc3 Bb4 3. Nd5 Be7 4. d4 d6 5. b4 c6 6. Nxe7 Qxe7 7. Bb2 Nh6 8. e3 0-0 9. Qd2 Nd7 10. Bd3 e4 11. Bc2 d5 12. cxd5 cxd5 13. Bb3 Qd6 14. Ne2 Nf5 15. h4 Ne7 16. b5 b6 17. Nf4 Nf6 18. a4 Bb7 19. Ba3 Qd7 20. a5 Rac8 21. a6 Ba8 22. Bd1 Rfd8 23. g4 Ng6 24. Nxg6 hxg6 25. g5 Ne8 26. Qb4 Nc7 27. Be2 Ne6 28. Kd2 Rc4 29. Bxc4 dxc4 30. Qxc4 Nxd4 31. exd4 Rc8 32. Qb4 e3+ 33. fxe3 Bxh1 34. Rxh1 Qf5 35. Qb1 Qf2+ 36. Kd3 Qf5+ 37. Kd2 Qf2+ 1/2-1/2

[Event "HUN-chT2 Maroczy 0001"]
[Site "Hungary"]
[Date "2001.04.22"]
[Round "11"]
[White "Medvegyne Balogh, Emese"]
[Black "Rozsnyai, Tamas"]
[Result "0-1"]
[WhiteElo "1966"]
[BlackElo "2004"]
[PlyCount "98"]
[EventDate "2000.11.26"]
[EventType "team"]
[EventRounds "11"]
[EventCountry "HUN"]
[SourceTitle "EXT 2007"]
[Source "ChessBase"]
[SourceDate "2006.11.23"]
[SourceVersion "1"]
[SourceVersionDate "2006.11.23"]
[SourceQuality "1"]
[WhiteTeam "Sarospatak II"]
[BlackTeam "Mako"]
[WhiteTeamCountry "HUN"]
[BlackTeamCountry "HUN"]

1. e4 e5 2. Nf3 Nc6 3. d4 exd4 4. Bc4 Nf6 5. e5 d5 6. Bb5 Ne4 7. Nxd4 Bd7 8. Bxc6 bxc6 9. 0-0 Be7 10. f3 Nc5 11. f4 Ne4 12. c3 c5 13. Nf3 Bf5 14. Nbd2 0-0 15. Nxe4 Bxe4 16. Nd2 Bd3 17. Rf3 Bf5 18. h3 h5 19. Rf2 Bh4 20. Rf1 Bd3 21. Rf3 Bf5 22. Nb3 c4 23. Nd4 Be4 24. Re3 c5 25. Nb5 Be7 26. Qxh5 Qb6 27. Na3 Bg6 28. Qg4 Qe6 29. Qxe6 fxe6 30. Re2 Bd3 31. Rf2 d4 32. cxd4 cxd4 33. Nb5 Rad8 34. Nc7 Kf7 35. Bd2 Rd7 36. Ba5 Bd8 37. f5 Bxc7 38. fxe6+ Kxe6 39. Rxf8 Bxa5 40. Re8+ Re7 41. Rxe7+ Kxe7 42. Kf2 Ke6 43. g4 Kxe5 44. h4 Kf4 45. h5 Bd2 46. g5 Be3+ 47. Ke1 Kxg5 48. a4 a5 49. Ra3 Kxh5 0-1

[Event "Budapest Spring op 17th"]
[Site "Budapest"]
[Date "2001.03.21"]
[Round "6"]
[White "Chereches, Marius"]
[Black "Rozsnyai, Tamas"]
[Result "1-0"]
[WhiteElo "2273"]
[BlackElo "2120"]
[PlyCount "141"]
[EventDate "2001.03.16"]
[EventType "swiss"]
[EventRounds "9"]
[EventCountry "HUN"]
[SourceTitle "CBM 081 Extra"]
[Source "ChessBase"]
[SourceDate "2001.05.06"]
[SourceVersion "1"]
[SourceVersionDate "2001.05.06"]
[SourceQuality "1"]

1. e4 c5 2. Nf3 Nc6 3. d4 cxd4 4. Nxd4 Nf6 5. Nc3 d6 6. f3 e5 7. Nb3 a6 8. Be3 Be6 9. Qd2 d5 10. exd5 Nxd5 11. Nxd5 Qxd5 12. Qxd5 Bxd5 13. 0-0-0 Bxb3 14. axb3 Be7 15. Bc4 Rc8 16. f4 Nb4 17. fxe5 b5 18. Bd3 Bc5 19. Bf4 Nxd3+ 20. Rxd3 Ke7 21. Rhd1 Ke6 22. c3 Be7 23. Kc2 Rhd8 24. Rxd8 Rxd8 25. Rxd8 Bxd8 26. Kd3 Bb6 27. b4 Bc7 28. Ke4 Bb6 29. Bg3 Bc7 30. b3 Bb6 31. c4 Bc7 32. Bf4 Bd8 33. g4 Bc7 34. h3 Bb8 35. h4 Bc7 36. h5 g6 37. c5 Bb8 38. Kf3 Bc7 39. Kg3 Bb8 40. Kh4 f6 41. hxg6 hxg6 42. Bg3 fxe5 43. Kg5 Kf7 44. Kh6 Bc7 45. g5 Bb8 46. Bh2 Bc7 47. Bg3 Bb8 48. c6 Bd6 49. Bf2 Ke6 50. Kxg6 Bxb4 51. c7 Kd7 52. Kf7 Bc3 53. g6 e4 54. Bb6 Bb2 55. Ba5 e3 56. g7 Bxg7 57. Kxg7 e2 58. Kf6 e1Q 59. Bxe1 Kxc7 60. Ba5+ Kc6 61. Ke5 b4 62. Bxb4 Kb5 63. Bf8 a5 64. Kd4 Kc6 65. Kc4 Kb6 66. Kc3 Kc6 67. Kb2 Kd5 68. Ka3 Kd4 69. Ka4 Kc3 70. Be7 Kb2 71. Bd8 1-0

[Event "HUN-chT2 Maroczy 0001"]
[Site "Hungary"]
[Date "2001.02.04"]
[Round "6"]
[White "Karpati, Zoltan"]
[Black "Rozsnyai, Tamas"]
[Result "1/2-1/2"]
[WhiteElo "2015"]
[BlackElo "2004"]
[PlyCount "48"]
[EventDate "2000.11.26"]
[EventType "team"]
[EventRounds "11"]
[EventCountry "HUN"]
[SourceTitle "EXT 2007"]
[Source "ChessBase"]
[SourceDate "2006.11.23"]
[SourceVersion "1"]
[SourceVersionDate "2006.11.23"]
[SourceQuality "1"]
[WhiteTeam "Szeged Portal"]
[BlackTeam "Mako"]
[WhiteTeamCountry "HUN"]
[BlackTeamCountry "HUN"]

1. d4 Nf6 2. Nf3 g6 3. c4 Bg7 4. Nc3 d5 5. cxd5 Nxd5 6. e4 Nxc3 7. bxc3 c5 8. Be3 Qa5 9. Qd2 0-0 10. Rc1 cxd4 11. cxd4 Qxd2+ 12. Kxd2 Nc6 13. d5 Na5 14. Bd3 f5 15. Bc5 fxe4 16. Bxe4 Bf5 17. Rhe1 Bxe4 18. Rxe4 Rf5 19. Rxe7 Rxd5+ 20. Ke2 Bf8 21. Rc7 Bxc5 22. R7xc5 Re8+ 23. Kf1 Rxc5 24. Rxc5 Nc6 1/2-1/2

[Event "HUN-chT2 Maroczy 0001"]
[Site "Hungary"]
[Date "2000.12.17"]
[Round "3"]
[White "Rozsnyai, Tamas"]
[Black "Torok, Sandor"]
[Result "0-1"]
[WhiteElo "2004"]
[BlackElo "2080"]
[PlyCount "62"]
[EventDate "2000.11.26"]
[EventType "team"]
[EventRounds "11"]
[EventCountry "HUN"]
[SourceTitle "EXT 2007"]
[Source "ChessBase"]
[SourceDate "2006.11.23"]
[SourceVersion "1"]
[SourceVersionDate "2006.11.23"]
[SourceQuality "1"]
[WhiteTeam "Mako"]
[BlackTeam "Godollo"]
[WhiteTeamCountry "HUN"]
[BlackTeamCountry "HUN"]

1. c4 Nf6 2. Nc3 e6 3. e4 Nc6 4. d4 d5 5. e5 Ne4 6. Be3 Bb4 7. Nge2 dxc4 8. f3 Nxc3 9. bxc3 Ba5 10. Qa4 Qd5 11. Rc1 b5 12. Qc2 0-0 13. Nf4 Nxd4 14. Qd2 Qxe5 15. Qxd4 Qxd4 16. Bxd4 e5 17. Bc5 exf4 18. Bxf8 Kxf8 19. Be2 Bb6 20. g4 Be6 21. Rb1 a6 22. Kd2 Re8 23. Rbe1 Bd5 24. Bd1 Be3+ 25. Kc2 Bc6 26. h3 Rd8 27. Rh2 b4 28. Kb1 bxc3 29. a3 Bd2 30. Rf1 Rb8+ 31. Ka1 c2 0-1